000 00521cam a2200157 4500500
005 20251228090814.0
041 _afre
042 _adc
100 1 0 _aFaguer, Nicolas
_eauthor
700 1 0 _aCaradec, Jean-Yves
_eauthor
245 0 0 _aVie de l’Amitié
260 _c2017.
500 _a23
786 0 _nBulletin de l’Amitié Charles Péguy | 158 | 2 | 2017-04-17 | p. 185-191 | 0180-8567
856 4 1 _uhttps://shs.cairn.info/revue-bulletin-de-lamitie-charles-peguy-2017-2-page-185?lang=fr&redirect-ssocas=7080
999 _c1602746
_d1602746